Delitos contra la propiedad: principios generales: hurto, robo, extorsión
Đã lưu trong:
| Tác giả chính: | |
|---|---|
| Định dạng: | Sách |
| Ngôn ngữ: | Tiếng Tây Ban Nha |
| Được phát hành: |
Buenos Aires
Bibliográfica Argentina
1951
|
| Những chủ đề: | |
| Các nhãn: |
Thêm thẻ
Không có thẻ, Là người đầu tiên thẻ bản ghi này!
|
MARC
| LEADER | 00000nam a2200000 a 4500 | ||
|---|---|---|---|
| 001 | UCS0089 | ||
| 003 | CL-VaPUC | ||
| 008 | 970418e19510000AG |||||||||||||||||spa|d | ||
| 082 | 0 | 4 | |a 364.16 |b NUÑ |2 21 |
| 100 | |a Núñez, Ricardo C. |e autor |9 383175 | ||
| 245 | 1 | 0 | |a Delitos contra la propiedad: principios generales: hurto, robo, extorsión |
| 300 | |a 316 p | ||
| 942 | |c BK | ||
| 945 | |d 19970418 00:00:00 |a cmena | ||
| 260 | |a Buenos Aires |b Bibliográfica Argentina |c 1951 | ||
| 650 | 0 | |a Delitos contra la propiedad |9 256091 | |
| 650 | 0 | |a Hurto |9 368483 | |
| 650 | 0 | |a Robo |9 383176 | |
| 650 | 0 | |a Extorsión |9 383177 | |
| 650 | 7 | |a DERECHO PENAL |2 CL-VaPUC |9 11 | |
| 650 | 0 | |a Código penal |9 255935 | |
| 583 | |a last modification |c 19970418 00:00:00 |k Rodrigo Vera | ||
| 999 | |c 258341 |d 258339 | ||
| 952 | |0 0 |1 0 |4 0 |6 364_160000000000000_NUÑ_1951 |7 0 |8 A |9 282369 |a BIBDER |b BIBDER |d 2019-11-19 |i 1827634 |o 364.16 NUÑ 1951 |p 1827634 |r 2023-01-25 |w 2019-11-19 |y BK |k DER | ||